| 000 | 00672nam a2200217 a 4500 | ||
|---|---|---|---|
| 001 | BRCA_845 | ||
| 005 | 20190320203156.0 | ||
| 008 | 920731s1989 fi-a---##b---#000-0#eng-# | ||
| 020 | _a9512632446 | ||
| 040 |
_aDLC _cDLC |
||
| 041 |
_aeng _hfin |
||
| 050 | 4 |
_aNK7171 _b.F56 1989 |
|
| 245 | 1 | 0 |
_aFinnish Silver _ceditor Tuula Poutasuo ; English text Michael Wynne-Ellis. |
| 260 |
_aHelsinki, Finlandia _bKirjayhtymä _c1989 |
||
| 300 |
_a127 p. _bil. (algunas a color) _c25 cm. |
||
| 504 | _aBibliografía : p. 126-127 | ||
| 650 | 1 | 4 |
_aTrabajo en plata _xHistoria _zFinlandia _92816 |
| 700 | 1 |
_aPoutasuo, Tuula _92817 |
|
| 700 | 1 |
_aWynne-Ellis, Michael _92818 |
|
| 942 |
_2lcc _cB |
||
| 999 |
_c740 _d740 |
||